000 00732nam a2200205 a 4500
001 000025141
005 20200930023602.0
008 110208s1995 cu a r 000 | spa d
020 _a9590101623
040 _aDO-SdBNP
_bspa
_cBNPHU
082 _axxx
_bC969
111 1 _aCumbre de pueblos
_d(1995 :
_cCuba)
_951547
245 1 0 _aCumbre de pueblos :
_bencuentro mundial de solidaridad con Cuba, 21-25 de noviembre, 1994 /
_cVíctor Pérez-Galdós; edición Iraida Aguirrechu, Nora Madan y Blanca Zabala.
260 _aLa Habana :
_bPolítica,
_c1995.
300 _a208 p. :
_bil. ;
_c21 cm.
700 1 _aAguirrechu, Iraida
_eed.
_951548
700 1 _aMadan, Nora
_eed.
_922742
700 1 _aZabala, Blanca
_eed.
_951549
049 _aBNGR
999 _c24634
_d24634